000 00812cam a22002657a 4500
003 CHAP
005 20220329140354.0
008 971013s1950 maua r 00010 eng d
010 _a51061
011 _a52033
035 _a56183
040 _cCHAP
082 0 4 _a589.92
_bW34
100 0 0 _aWaksman, Selman Abraham.
_9120825
245 1 4 _aThe actinomycetes, their nature, occurence, activities, and importance
260 _aWaltham :
_bChronica Botanica,
_c1950
300 _a230 p. :
_bilus.
590 _aBATCH-UPD
_b10
_c20130110
_lUCH01
_h0616
590 _aBATCH-UPD
_b10
_c20130110
_lUCH01
_h2331
590 _aCONVERSION
_b10
_c20130109
_lUCH01
_h1328
650 1 4 _aActinomicetales.
_9743
901 _aBK
942 _cLIBRO
949 _a589.92 W34
_bBC
_cLIBRO
_d33724000375093
_eLIBRO
_h1776
_i56183
_si
_t75.00
999 _c51061
_d51061